<?xml version="1.0" encoding="UTF-8"?>
<record
    xmlns:xsi="http://www.w3.org/2001/XMLSchema-instance"
    xsi:schemaLocation="http://www.loc.gov/MARC21/slim http://www.loc.gov/standards/marcxml/schema/MARC21slim.xsd"
    xmlns="http://www.loc.gov/MARC21/slim">

  <leader>01561nam0a2200373   4500</leader>
  <controlfield tag="001">RU\NLR\bibl\1824167</controlfield>
  <controlfield tag="005">20260406025736.0</controlfield>
  <datafield tag="021" ind1=" " ind2=" ">
    <subfield code="a">RU</subfield>
    <subfield code="b">2011-73521</subfield>
    <subfield code="9">5226</subfield>
  </datafield>
  <datafield tag="035" ind1=" " ind2=" ">
    <subfield code="a">(nilc)RSL-KNO-005028290</subfield>
  </datafield>
  <datafield tag="035" ind1=" " ind2=" ">
    <subfield code="a">(NLR Aleph) 001814702</subfield>
  </datafield>
  <datafield tag="090" ind1=" " ind2=" ">
    <subfield code="a">1921313</subfield>
    <subfield code="c">1921313</subfield>
  </datafield>
  <datafield tag="100" ind1=" " ind2=" ">
    <subfield code="a">20110919d2011    |||y0rusy50      ca</subfield>
  </datafield>
  <datafield tag="101" ind1="0" ind2=" ">
    <subfield code="a">rus</subfield>
  </datafield>
  <datafield tag="102" ind1=" " ind2=" ">
    <subfield code="a">RU</subfield>
  </datafield>
  <datafield tag="105" ind1=" " ind2=" ">
    <subfield code="a">a   |||||||||</subfield>
  </datafield>
  <datafield tag="200" ind1="1" ind2=" ">
    <subfield code="a">&#x417;&#x430;&#x449;&#x438;&#x449;&#x430;&#x44F; &#x447;&#x435;&#x441;&#x442;&#x44C; &#x440;&#x43E;&#x441;&#x441;&#x438;&#x439;&#x441;&#x43A;&#x43E;&#x439; &#x438;&#x43D;&#x442;&#x435;&#x43B;&#x43B;&#x438;&#x433;&#x435;&#x43D;&#x446;&#x438;&#x438; &#x432; &#x418;&#x43D;&#x442;&#x435;&#x440;&#x43D;&#x435;&#x442;&#x435;</subfield>
    <subfield code="e">&#x445;&#x440;&#x43E;&#x43D;&#x438;&#x43A;&#x430; &#x43F;&#x440;&#x43E;&#x442;&#x438;&#x432;&#x43E;&#x441;&#x442;&#x43E;&#x44F;&#x43D;&#x438;&#x44F; &#x438;&#x43D;&#x442;&#x435;&#x440;&#x43D;&#x435;&#x442;-&#x438;&#x441;&#x442;&#x43E;&#x440;&#x438;&#x43A;&#x430; &#x438; &#x43A;&#x438;&#x431;&#x435;&#x440;&#x43F;&#x440;&#x435;&#x441;&#x43B;&#x435;&#x434;&#x43E;&#x432;&#x430;&#x442;&#x435;&#x43B;&#x44F; &#x43D;&#x430; &#x43F;&#x43E;&#x438;&#x441;&#x43A;&#x43E;&#x432;&#x438;&#x43A;&#x435; Google, 2010-2011 &#x433;&#x433;.</subfield>
    <subfield code="f">&#x41A;&#x43E;&#x440;&#x443;&#x43F;&#x430;&#x435;&#x432; &#x410;. &#x415;.</subfield>
  </datafield>
  <datafield tag="210" ind1=" " ind2=" ">
    <subfield code="a">&#x41C;&#x43E;&#x441;&#x43A;&#x432;&#x430;</subfield>
    <subfield code="c">[&#x431;. &#x438;.]</subfield>
    <subfield code="d">2011</subfield>
  </datafield>
  <datafield tag="215" ind1=" " ind2=" ">
    <subfield code="a">106 &#x441;.</subfield>
    <subfield code="c">&#x438;&#x43B;.</subfield>
    <subfield code="d">21</subfield>
  </datafield>
  <datafield tag="320" ind1=" " ind2=" ">
    <subfield code="a">&#x411;&#x438;&#x431;&#x43B;&#x438;&#x43E;&#x433;&#x440;.: &#x441;. 90-105</subfield>
  </datafield>
  <datafield tag="606" ind1="1" ind2=" ">
    <subfield code="a">INTERNET, &#x433;&#x43B;&#x43E;&#x431;&#x430;&#x43B;&#x44C;&#x43D;&#x430;&#x44F; &#x438;&#x43D;&#x444;&#x43E;&#x440;&#x43C;&#x430;&#x446;&#x438;&#x43E;&#x43D;&#x43D;&#x430;&#x44F; &#x441;&#x435;&#x442;&#x44C;</subfield>
    <subfield code="x">&#x41F;&#x440;&#x438;&#x43C;&#x435;&#x43D;&#x435;&#x43D;&#x438;&#x435; &#x432; &#x438;&#x441;&#x442;&#x43E;&#x440;&#x438;&#x447;&#x435;&#x441;&#x43A;&#x43E;&#x439; &#x43D;&#x430;&#x443;&#x43A;&#x435;</subfield>
    <subfield code="9">2589847</subfield>
    <subfield code="3">RU\NLR\auth\661530572</subfield>
  </datafield>
  <datafield tag="606" ind1="1" ind2=" ">
    <subfield code="a">&#x418;&#x43D;&#x442;&#x435;&#x43B;&#x43B;&#x438;&#x433;&#x435;&#x43D;&#x446;&#x438;&#x44F;</subfield>
    <subfield code="x">&#x418;&#x441;&#x442;&#x43E;&#x440;&#x438;&#x44F;</subfield>
    <subfield code="y">&#x420;&#x43E;&#x441;&#x441;&#x438;&#x44F;</subfield>
    <subfield code="9">2398883</subfield>
    <subfield code="3">RU\NLR\auth\661430084</subfield>
  </datafield>
  <datafield tag="610" ind1="0" ind2=" ">
    <subfield code="a">&#x43A;&#x438;&#x431;&#x435;&#x440;&#x443;&#x433;&#x440;&#x43E;&#x437;&#x44B;</subfield>
  </datafield>
  <datafield tag="686" ind1=" " ind2=" ">
    <subfield code="a">&#x425;623.06,0</subfield>
    <subfield code="2">rubbk</subfield>
  </datafield>
  <datafield tag="686" ind1=" " ind2=" ">
    <subfield code="a">&#x422;3(0)&#x432;</subfield>
  </datafield>
  <datafield tag="686" ind1=" " ind2=" ">
    <subfield code="a">&#x422;3(2)0-299</subfield>
  </datafield>
  <datafield tag="700" ind1=" " ind2="1">
    <subfield code="4">070</subfield>
    <subfield code="8">rus</subfield>
    <subfield code="7">ca</subfield>
    <subfield code="a">&#x41A;&#x43E;&#x440;&#x443;&#x43F;&#x430;&#x435;&#x432;</subfield>
    <subfield code="b">&#x410;.&#x415;.</subfield>
    <subfield code="f">1954-</subfield>
    <subfield code="g">&#x410;&#x43B;&#x435;&#x43A;&#x441;&#x435;&#x439; &#x415;&#x432;&#x433;&#x435;&#x43D;&#x44C;&#x435;&#x432;&#x438;&#x447;</subfield>
    <subfield code="3">RU\NLR\auth\77207</subfield>
    <subfield code="9">110271</subfield>
  </datafield>
  <datafield tag="801" ind1=" " ind2="0">
    <subfield code="a">RU</subfield>
    <subfield code="b">RuMoRKP</subfield>
    <subfield code="c">20110919</subfield>
    <subfield code="g">rcr</subfield>
  </datafield>
  <datafield tag="801" ind1=" " ind2="1">
    <subfield code="a">RU</subfield>
    <subfield code="b">&#x420;&#x413;&#x411;</subfield>
    <subfield code="c">20110919</subfield>
  </datafield>
  <datafield tag="801" ind1=" " ind2="2">
    <subfield code="a">RU</subfield>
    <subfield code="b">NLR</subfield>
    <subfield code="c">20111021</subfield>
    <subfield code="g">rcr</subfield>
  </datafield>
  <datafield tag="942" ind1=" " ind2=" ">
    <subfield code="c">BOOK</subfield>
  </datafield>
  <datafield tag="980" ind1=" " ind2=" ">
    <subfield code="a">NB</subfield>
  </datafield>
  <datafield tag="980" ind1=" " ind2=" ">
    <subfield code="a">NBR</subfield>
  </datafield>
  <datafield tag="995" ind1=" " ind2=" ">
    <subfield code="5">2011-10-21</subfield>
    <subfield code="a">ad</subfield>
    <subfield code="b">NLR01</subfield>
    <subfield code="c">NLR01</subfield>
    <subfield code="e">RF8</subfield>
    <subfield code="f">3515177</subfield>
    <subfield code="k">2011-3/32737</subfield>
    <subfield code="o">0</subfield>
    <subfield code="r">BOOK</subfield>
    <subfield code="s">2011332737_</subfield>
  </datafield>
  <datafield tag="995" ind1=" " ind2=" ">
    <subfield code="5">2011-10-21</subfield>
    <subfield code="a">ad</subfield>
    <subfield code="b">NLR01</subfield>
    <subfield code="c">NLR01</subfield>
    <subfield code="e">RF8</subfield>
    <subfield code="f">3515180</subfield>
    <subfield code="k">2011-3/32737</subfield>
    <subfield code="o">0</subfield>
    <subfield code="r">BOOK</subfield>
    <subfield code="s">2011332737_</subfield>
  </datafield>
</record>
